000 00845nam a2200217 a 4500
001 000030277
005 20260305073956.0
008 110505s2004 dr ac 001 0 spa d
040 _aDO-SdBNP
_bspa
_cBNPHU
082 _a658.048
_bF981me
110 2 _aFundación Global Democracía y Desarrollo
_925477
245 1 0 _aMemorias 2004 /
_cintroducción Leonel Fernández.
260 _aSanto Domingo :
_bFUNGLODE,
_c2004.
_fCorripio
300 _a173 :
_bil., retrs. ;
_c29 cm.
590 _aInventariado, 2018/ YL
650 4 _aOrganizaciones sin ánimo de lucro
_xCorrespondencia, memorias, etc.
_956956
650 4 _aActividades culturales
_911344
650 4 _aAdministración de proyectos culturales
_xCorrespondencia, memorias, etc.
_956957
700 1 _aFernández, Leonel,
_d1953-
_eintrod.
_97291
910 _aValidado. Control de calidad EMS.
999 _c29769
_d29769